Loading...
| Current Events | 1 | 30.00 | 100% | 100% | 100% |
| Fine Arts - Auditory Fine Arts | 3 | 20.00 | 100% | 100% | 0% |
| Fine Arts - Other Fine Arts | 2 | 10.00 | 100% | 0% | 0% |
| Fine Arts - Visual Fine Arts | 2 | 15.00 | 100% | 50% | 0% |
| Geography | 2 | 10.00 | 100% | 0% | 0% |
| History - American History | 6 | 10.00 | 83% | 17% | 0% |
| History - European History | 5 | 12.00 | 80% | 40% | 0% |
| History - Other History | 1 | 20.00 | 100% | 100% | 0% |
| History - World History | 3 | 16.67 | 100% | 33% | 33% |
| Literature - British Literature | 3 | 13.33 | 100% | 33% | 0% |
| Literature - European Literature | 2 | 10.00 | 100% | 0% | 0% |
| Literature - World Literature | 2 | 10.00 | 100% | 0% | 0% |
| Mythology | 5 | 18.00 | 100% | 80% | 0% |
| Philosophy | 3 | 16.67 | 100% | 33% | 33% |
| Pop Culture | 2 | 10.00 | 50% | 50% | 0% |
| Religion | 3 | 20.00 | 67% | 100% | 33% |
| Science - Biology | 4 | 10.00 | 100% | 0% | 0% |
| Science - Chemistry | 4 | 10.00 | 100% | 0% | 0% |
| Science - Other Science | 3 | 16.67 | 100% | 67% | 0% |
| Science - Physics | 1 | 10.00 | 100% | 0% | 0% |
| Social Science | 3 | 20.00 | 100% | 67% | 33% |